Antes de renunciar a tu empleo : (Registro nro. 11238)

Detalles MARC
000 -LIDER
fixed length control field 01097cam a2200349 i 4500
001 - NÚMERO DE CONTROL
Identificador de número de control 0000631
003 - IDENTIFICACDOR DE NÚMERO DE CONTROL
control field DO-SdBNP
005 - DATE AND TIME OF LATEST TRANSACTION
control field 20221110121440.0
007 - CAMPOS FIJOS DE DESCRIPCIÓN FÍSICA
fixed length control field 0000631
008 - ELEMENTOS DE LONGITUD FIJA
fixed length control field 100514s 2007 mx 000 f spa
015 ## - NÚMERO DENTRO DE LA BIBLIOGRAFÍA NACIONAL
National bibliography number
017 ## - NÚMERO DE REGISTRO DE DERECHOS DE AUTOR
Copyright or legal deposit number
Assigning agency
020 ## - ISBN
International Standard Book Number 9789707704046
035 ## - NÚMERO LOCAL
System control number
040 ## - FUENTE DE CATALOGACIÓN
Agencia que crea de manera original el registro BPMSU
Idioma de catalogación spa
Agencia que realiza la transcripción BPMSU
Convenciones de la despripción
080 ## - NÚMERO DE CLASIFICACIÓN DECIMAL UNIVERSAL
Universal Decimal Classification number
082 #4 - NÚMERO DE CLASIFICACIÓN DECIMAL DE DEWEY
Classification number 332.02401
Item number K62a 2010
Edition number 22
100 1# - ASIENTO PRINCIPAL -- NOMBRE PERSONAL
Nombre personal Kiyosaki, Robert T.
Fechas asociadas con el nombre 1947-
245 10 - MENCIÓN DE TITULO
Título Antes de renunciar a tu empleo :
Subtítulo 10 lecciones que todo emprendedor debe saber para construir un negocio multimillonario /
Mención de responsabilidad Robert T. Kiyosaki, Sharon L. Lechter ; traducción María Andrea Giovine
260 ## - PUBLICACIÓN, DISTRIBUCIÓN, ETC. (PIE DE IMPRENTA)
Lugar de publicación, distribución, etc Méxio:
Nombre del editor, distribuidor, etc. Aguilar,
Fecha de publicación, distribución, etc 2010
Nombre del editor, distribuidor, etc.
300 ## - DESCRIPCIÓN FÍSICA
Extensión 375 p. ;
Dimensiones 23 cm
490 0# - MENCIÓN DE SERIES
Mención de serie Padre rico
534 ## - NOTA SOBRE LA VERSIÓN ORIGINAL
Asiento principal del original Título original :
Mención del título original Before you quit your job
590 ## - NOTA LOCAL
Enlace Inventariado, 2022/VM
650 #4 - ENCABEZAMIENTO DE MATERIA--TEMÁTICO
Término temático o nombre geográfico como elemento de entrada Finanzas personales.
650 #4 - ENCABEZAMIENTO DE MATERIA--TEMÁTICO
Término temático o nombre geográfico como elemento de entrada Seguridad Financiera.
650 #4 - ENCABEZAMIENTO DE MATERIA--TEMÁTICO
Término temático o nombre geográfico como elemento de entrada Éxito en los negocios.
700 1# - ASIENTO SECUNDARIO -- NOMBRE PERSONAL
Nombre personal Lechter, Sharon L.
700 1# - ASIENTO SECUNDARIO -- NOMBRE PERSONAL
Nombre personal Giovine, María Andrea
Mención de responsabilidad trad.
910 ## - VALIDACIÓN
Validación YLOCKWARD/ VMateo V./Validado
942 ## - ADDED ENTRY ELEMENTS (KOHA)
Source of classification or shelving scheme Dewey Decimal Classification
Koha item type Libros
Existencias
Withdrawn status Lost status Source of classification or shelving scheme Damaged status Not for loan Collection code Home library Current library Date acquired Source of acquisition Full call number Barcode Date last seen Price effective from Koha item type Copy number
    Dewey Decimal Classification     Colección General Biblioteca Pública Metropolitana Salomé Ureña Biblioteca Pública Metropolitana Salomé Ureña 08/31/2016 Alfaguara BPMSU CG 332.02401 K62a 2010 BPMSU16080315 08/31/2016 08/31/2016 Libros  
    Dewey Decimal Classification     Colección General Biblioteca Pública Metropolitana Salomé Ureña Biblioteca Pública Metropolitana Salomé Ureña 08/31/2016 Alfaguara BPMSU CG 332.02401 K62a 2010 BPMSU16080316 08/31/2016 08/31/2016 Libros e.2
    Dewey Decimal Classification     Colección Dominicana Biblioteca Pública Metropolitana Salomé Ureña Biblioteca Pública Metropolitana Salomé Ureña 08/31/2016 Alfaguara BPMSU CG 332.02401 K62a 2010 BPMSU16080317 08/31/2016 08/31/2016 Libros e.3